| 000 | 00778nam a2200241 i 4500 | ||
|---|---|---|---|
| 003 | DO-SdBNP | ||
| 005 | 20260205134542.0 | ||
| 007 | ta | ||
| 008 | 260205b19-- dr ac||| |||| 00| 0 spa d | ||
| 040 |
_aDO-SdBNP _bspa _cBNPHU _erda |
||
| 041 | _aspa | ||
| 082 | 4 |
_axxx _bxxx _222 |
|
| 100 | 1 |
_aHenríquez Gratereaux, Federico, _d1937- _eautor _4aut. _92003 |
|
| 245 | 1 | 0 |
_aDesencadenando eñ espíritu y la razón / _cFederico Henríquez Gratereaux y Sra. |
| 264 | 1 |
_aSanto Domingo : _bPontificia Universidad Católica Madre y Maestra, _c19--?. |
|
| 300 |
_a9 páginas ; _c15 cm. |
||
| 336 |
_atexto _btxt _2rdacontent |
||
| 337 |
_asin mediación _bn _2rdamedia |
||
| 338 |
_avolumen _bnc _2rdacarrier |
||
| 590 | _aInventariado, 2026/BT | ||
| 910 | _aBtavárez | ||
| 942 |
_2ddc _cLF2 |
||
| 999 |
_c60248 _d60248 |
||